| 000 | 00527nam a2200169 i 4500 | ||
|---|---|---|---|
| 001 | 23281 | ||
| 003 | ES-MaACL | ||
| 005 | 20230906152839.0 | ||
| 007 | t| | ||
| 008 | 021210s1973 sp ||||1| spa d | ||
| 245 | 0 | 0 |
_aAlojamientos para las aves / _cC. Dobson... [et al.] ; traducido... por Guillermo Aparicio Sánchez. |
| 260 |
_aZaragoza : _bAcribia, _c[1973] |
||
| 300 |
_a134 p., 4 lám. : _bil. ; _c22 cm. |
||
| 700 | 1 |
_aDobson, C. _944950 |
|
| 700 | 1 |
_aAparicio Sánchez, Guillermo. _922077 |
|
| 852 |
_aES-MaACL _jC-55621 |
||
| 999 |
_c23281 _d23281 |
||